[Event "Donau op 5th"]
[Site "Aschach"]
[Date "1996.??.??"]
[Round "6"]
[White "Piven, Igor"]
[Black "Sulava, Nenad"]
[Result "0-1"]
[WhiteElo "2390"]
[BlackElo "2480"]

1.c4 b6 2.Nf3 Bb7 3.e3 Nf6 4.Nc3 e6 5.d4 Bb4 6.Bd3 Ne4 7.O-O f5 8.Qc2 Bxc3
9.bxc3 O-O 10.Ne1 d6 11.f3 Ng5 12.c5 bxc5 13.dxc5 Nd7 14.cxd6 cxd6 15.Ba3 Qc7
16.Bb5 Nf6 17.c4 Rac8 18.Qd3 Rfd8 19.Rc1 Nf7 20.Qb3 a6 21.Ba4 Ne5 22.c5 d5
23.Nc2 Nc4 24.Nd4 Nd2 25.Qd3 Nxf1 26.Nxe6 Qxh2+ 27.Kxf1 Qh1+ 28.Kf2 Qh4+
29.Kg1 Qxa4 30.Nxd8 Rxd8 31.c6 Bxc6 32.Be7 Re8 33.Bxf6 gxf6 34.Qxf5 Kg7 35.e4 dxe4
36.Qg4+ Kh8 37.Qf4 Qd4+ 38.Kh2 Bb5  0-1

[Event "AUT-ch (Women)"]
[Site "?"]
[Date "1996.??.??"]
[Round "10"]
[White "Fauland Borek, Jutta"]
[Black "Kirchmayr, Elisabeth"]
[Result "1-0"]
[WhiteElo "2110"]
[BlackElo "1845"]

1.c4 b6 2.Nc3 Bb7 3.e4 e6 4.d3 g6 5.g3 Bg7 6.Nge2 Ne7 7.Bg2 d6 8.O-O O-O
9.d4 c5 10.Be3 a6 11.f4 f5 12.d5 fxe4 13.Bxe4 exd5 14.Nxd5 Kh8 15.Nec3 Nbc6
16.Qb3 Nxd5 17.Nxd5 Nd4 18.Qd3 Bxd5 19.Bxd5 Nf5 20.Bf2 Rb8 21.Rab1 b5 22.b3 b4
23.g4 Nd4 24.Bg3 Qa5 25.Rf2 Qb6 26.Kg2 Rbe8 27.h4 Qd8 28.Rbf1 Bf6 29.h5 g5
30.fxg5 Bxg5 31.Rf7 Rxf7 32.Rxf7 Re2+ 33.Kh3 Qg8 34.Bxd6 Qxf7 35.Bxf7 Re3+
36.Qxe3  1-0

[Event "AUT-chT9596"]
[Site "?"]
[Date "1996.??.??"]
[Round "?"]
[White "Brestian, Egon"]
[Black "Bischoff, Klaus"]
[Result "1/2-1/2"]
[WhiteElo "2450"]
[BlackElo "2520"]

1.c4 b6 2.d4 e6 3.Nf3 Bb7 4.Nc3 Bb4 5.g3 Bxc3+ 6.bxc3 Nc6 7.Bg2 Na5 8.c5 f5
9.O-O Nf6 10.Bg5 O-O 11.Rc1 Qe8 12.Bxf6 Rxf6 13.c4 Be4 14.cxb6 axb6  1/2-1/2

[Event "AUT-chT9596"]
[Site "?"]
[Date "1996.??.??"]
[Round "?"]
[White "Schroll, Gerhard"]
[Black "Teske, Henrik"]
[Result "1/2-1/2"]
[WhiteElo "2380"]
[BlackElo "2510"]

1.c4 b6 2.Nc3 e6 3.e4 Bb7 4.Nf3 Bb4 5.Bd3 c5 6.e5 d6 7.O-O dxe5 8.Be4 Nc6
9.Nxe5 Nxe5 10.Bxb7 Rb8 11.Ba6 Nf6 12.Nb5 O-O 13.a3 Ba5 14.d4 Nxc4 15.Qa4 Nd2
16.Rd1 Ng4 17.h3 Nxf2 18.Kxf2 Qh4+ 19.Kg1 Nf3+ 20.Kf1 Nh2+ 21.Kg1 Nf3+ 22.Kf1 Nh2+  1/2-1/2

[Event "AUT-chT2S 9596"]
[Site "AUT"]
[Date "1996.??.??"]
[Round "?"]
[White "Bonstingl, Georg"]
[Black "Riedner, Martin"]
[Result "1-0"]
[WhiteElo "2195"]
[BlackElo "2170"]

1.c4 b6 2.Nc3 e6 3.Nf3 Bb7 4.b3 c5 5.e3 Nf6 6.Be2 Be7 7.O-O O-O 8.Bb2 d5
9.d4 Nbd7 10.Rc1 Rc8 11.Rc2 cxd4 12.Nxd4 dxc4 13.Bxc4 Nc5 14.Rd2 Qc7 15.Ndb5 Qb8
16.Nd6 Rcd8 17.Nxb7 Rxd2 18.Qxd2 Ng4 19.g3 Ne5 20.Be2 Nxb7 21.Ne4 f6 22.Rc1 Rc8
23.f4 Rxc1+ 24.Qxc1 Nf7 25.Qc4 Nfd8 26.Bg4 f5 27.Bxf5 Nd6 28.Bxe6+ Kh8 29.Nxd6 Qxd6
30.Bd5 a6 31.a4 Qd7 32.a5 b5 33.Qd4 Bf8 34.b4 Qd6 35.Bc3 Qg6 36.Be4 Qe8 37.Bd5 Qg6
38.e4 Be7 39.Ba2 Bf6 40.Qd5 Nf7  1-0

[Event "AUT-chT2S 9596"]
[Site "AUT"]
[Date "1996.??.??"]
[Round "?"]
[White "Kwatschewsky, Leo"]
[Black "Frosch, Erich"]
[Result "1/2-1/2"]
[WhiteElo "2280"]
[BlackElo "2265"]

1.c4 b6 2.Nc3 Bb7 3.e4 e6 4.Bd3 c5 5.Nf3 Nc6 6.O-O d6 7.Bc2 Nf6 8.d4 Be7
9.d5 exd5 10.exd5 Nb8 11.Re1 O-O 12.Qd3 Nbd7 13.Ne4 Re8 14.Bf4 Nxe4 15.Qxe4 Nf6
16.Qd3 Qd7 17.h3 g6 18.a4 Nh5 19.Bg5 Bxg5 20.Nxg5 Rxe1+ 21.Rxe1 Re8 22.Re3 Qd8
23.Ne4 Re5 24.g3  1/2-1/2

[Event "Bad Woerishofen op"]
[Site "Bad Woerishofen"]
[Date "1996.??.??"]
[Round "7"]
[White "Kamp, Christoph"]
[Black "Tischbierek, Raj"]
[Result "0-1"]
[WhiteElo "2265"]
[BlackElo "2490"]

1.c4 b6 2.d4 e6 3.e4 Bb7 4.d5 Nf6 5.Bd3 b5 6.Qb3 Na6 7.Nc3 Nc5 8.Qc2 Nxd3+
9.Qxd3 bxc4 10.Qxc4 exd5 11.exd5 Qe7+ 12.Be3 Qb4 13.Qe2 Be7 14.O-O-O O-O
15.Rd4 Qd6 16.Qd2 c5 17.Rd3 Ng4 18.Bf4 Qg6 19.Nh3 c4 20.Rg3 Bh4 21.Rf3 Bf6
22.Rg3 Qf5 23.Qc2 Qxc2+ 24.Kxc2 Bxc3 25.Rxg4 f5 26.Rg3 Bf6 27.Rd1 Rfe8 28.Re3 h6
29.Rxe8+ Rxe8 30.Be3 Re4 31.Ng1 a6 32.Ne2 g5 33.Nc3 Bxc3 34.Kxc3 f4 35.Bc5 Re2
36.Kxc4 Rxb2 37.a3 a5 38.Re1 Rc2+ 39.Kb5 Bxd5 40.Re8+ Kf7 41.Re7+ Kg6 42.Rxd7 Bxg2
43.Rd6+ Kh5 44.Bd4 Rd2 45.Bc5 Rc2 46.Bd4 Rc7 47.Kxa5 Rh7 48.Bb6 Kg4 49.Rd3 Bf1
50.Rc3 Rb7 51.Rc6 h5 52.Rg6 Be2 53.a4 Rd7 54.Bc5 Rd5 55.Kb6 Kh3 56.Be7 g4
57.Bd6 Rxd6+ 58.Rxd6 Kxh2 59.a5 Kg2 60.Rd2 f3 61.Rd5 Kxf2 62.Rb5 Bxb5  0-1

[Event "POR-ch m"]
[Site "Barreiro"]
[Date "1996.??.??"]
[Round "1"]
[White "Silva, Fernando"]
[Black "Damaso, Rui"]
[Result "1/2-1/2"]
[WhiteElo "2365"]
[BlackElo "2415"]

1.c4 b6 2.Nf3 e6 3.b3 Bb7 4.Bb2 Nf6 5.e3 Be7 6.Be2 O-O 7.O-O d5 8.d3 c5 9.Nbd2 Nc6
10.Ne5 Nxe5 11.Bxe5 Bd6 12.Bxd6 Qxd6 13.Bf3 Rfd8 14.Qc2 Rab8 15.Rfd1 Qe7
16.Rac1 d4 17.exd4 Rxd4 18.Bxb7 Qxb7 19.Nf3 Rd7 20.d4 Rbd8 21.dxc5 bxc5 22.Ne5 Rd4
23.Nf3 R4d7 24.Ne5  1/2-1/2

[Event "Benasque op"]
[Site "Benasque"]
[Date "1996.??.??"]
[Round "7"]
[White "Ionov, Sergey"]
[Black "Cooper, Lawrence"]
[Result "1/2-1/2"]
[WhiteElo "2490"]
[BlackElo "2335"]

1.c4 b6 2.d4 e6 3.a3 c5 4.d5 exd5 5.cxd5 Ba6 6.Nf3 d6 7.g3 Nf6 8.Bg2 g6 9.O-O Bg7
10.Nc3 O-O 11.Bf4 Re8 12.Re1 h6 13.e4 g5 14.Bd2 Nbd7 15.Qc2 Ng4 16.Rad1 Nde5
17.Nxe5 Nxe5 18.Bc1 g4 19.Bf4 Bc8 20.Nb1 h5 21.Nd2 b5 22.Rf1 h4 23.gxh4 Qxh4
24.Bg3 Qh5 25.f4 gxf3 26.Nxf3 Bg4 27.Qf2 Nxf3+ 28.Bxf3 Bxf3 29.Qxf3 Qxf3
30.Rxf3 Rxe4 31.Bxd6 Rd4 32.Rfd3 Rxd3 33.Rxd3 Bd4+ 34.Kg2 Rd8 35.Bf4 Rxd5
36.Kf3 a5 37.Ke4 Rd8 38.b4 axb4 39.axb4 f5+ 40.Kxf5 c4 41.Rd1 Kf7 42.Ke4 Bf6  1/2-1/2

[Event "Bonn GSK-3"]
[Site "Bonn"]
[Date "1996.??.??"]
[Round "?"]
[White "Seul, Georg"]
[Black "Kengis, Edvins"]
[Result "1/2-1/2"]
[WhiteElo "2445"]
[BlackElo "2560"]

1.c4 b6 2.Nc3 Bb7 3.Nf3 e6 4.g3 Nf6 5.Bg2 Bb4 6.O-O O-O 7.Qc2 d5 8.cxd5 exd5
9.d4 Nbd7 10.Bf4 a6 11.Qb3 Bxc3 12.Qxc3 c5 13.dxc5 bxc5 14.b4 Ne4 15.Qb2 c4
16.Be3 c3 17.Qb3 Rc8 18.Rfc1 Rc4 19.Bd4 Qc7 20.e3 Rc8 21.Rc2 a5 22.a3 axb4
23.axb4 Qd6 24.Rb1 f5 25.Bf1 Qe6 26.Ra2 R4c7 27.Bd3  1/2-1/2

[Event "Spring op"]
[Site "Budapest"]
[Date "1996.??.??"]
[Round "6"]
[White "Sergeev, Vladimir"]
[Black "Asztalos, Viktor"]
[Result "1/2-1/2"]
[WhiteElo "2410"]
[BlackElo "2260"]

1.c4 b6 2.Nc3 e6 3.Nf3 Bb7 4.e3 f5 5.Be2 Nf6 6.O-O Be7 7.a3 a5 8.b3 O-O 9.Bb2 Ne4
10.Nb5 Bf6 11.Bxf6 Nxf6 12.Rc1 Na6 13.Qc2 Qe7 14.Qb2 Ne4 15.Ne1 Ng5 16.f3 Rf6
17.d4 Rh6 18.Nd3 Nf7 19.Rf2 Qh4 20.g3 Qg5 21.Nf4 Qe7 22.Nc3 Ng5 23.Re1 Rf8
24.Nb5 d6 25.h4 Nf7 26.Bf1 g5 27.hxg5 Qxg5 28.d5 exd5 29.cxd5 Ne5 30.Nd4 Nc5
31.b4 Kh8 32.Rg2 axb4 33.axb4 Ncd7 34.Kf2 Rg8  1/2-1/2

[Event "Spring op"]
[Site "Budapest"]
[Date "1996.??.??"]
[Round "8"]
[White "Szirmai, Eduard"]
[Black "Berebora, Ferenc"]
[Result "0-1"]
[WhiteElo "2225"]
[BlackElo "2395"]

1.c4 b6 2.d4 Bb7 3.Nc3 e6 4.a3 d5 5.cxd5 exd5 6.Bf4 c6 7.Nf3 Nf6 8.e3 Be7
9.Bd3 O-O 10.h3 Na6 11.O-O Nc7 12.Rc1 Ne6 13.Bh2 c5 14.Qe2 a6 15.dxc5 bxc5
16.Rfd1 Qa5 17.Ne5 Rfe8 18.Bb1 Qb6 19.Qc2 g6 20.Ba2 Rad8 21.Bg3 c4 22.Rd2 Nc5
23.Bh4 Nfe4 24.Bxe7 Rxe7 25.Nxe4 Nxe4 26.Nf3 Nxd2 27.Qxd2 Rb8 28.Qc3 Bc8
29.Rc2 Bf5 30.Rd2 Be4 31.Nd4 Qf6 32.Qc1 Qg5 33.g3 Reb7 34.Kh2 Rb6 35.Qc3 h5
36.f3 Bd3  0-1

[Event "Cappelle op"]
[Site "Cappelle la Grande "]
[Date "1996.??.??"]
[Round "1"]
[White "Anastasian, Ashot"]
[Black "Dausch, Rene"]
[Result "1-0"]
[WhiteElo "2520"]
[BlackElo "2340"]

1.c4 b6 2.d4 e6 3.e4 Bb7 4.Bd3 Nc6 5.Ne2 Nb4 6.Nbc3 Nxd3+ 7.Qxd3 g6 8.O-O Bg7
9.f4 f5 10.exf5 gxf5 11.d5 Qh4 12.Nb5 O-O-O 13.d6 Qg4 14.Rf2 c6 15.Nxa7+ Kb8
16.Be3 c5 17.Nb5 Bxb2 18.Rb1 Nf6 19.Rxb2 Ne4 20.Ng3 Nxf2 21.Rxf2 Bc6 22.Qa3 Bxb5
23.Qb3 Kb7 24.Qxb5 Qd1+ 25.Nf1 Qxd6 26.Rb2 Kc7 27.Nd2 Rhg8 28.Nf3 Qc6 29.Qb3 d6
30.Ng5 Rg6 31.Nxh7 d5 32.Ng5 d4 33.Bc1 d3 34.Be3 Rxg5 35.fxg5 e5 36.a4 f4
37.Bd2 Qd6 38.a5 Rb8 39.axb6+ Kb7 40.Ra2 Qd4+ 41.Kf1 Qe4 42.Qa4  1-0

[Event "DEN-chT 9697"]
[Site "?"]
[Date "1996.??.??"]
[Round "1"]
[White "Rath, Ulrik"]
[Black "Rewitz, Poul"]
[Result "1-0"]
[WhiteElo "2370"]
[BlackElo "2320"]

1.c4 b6 2.Nc3 Bb7 3.d4 e6 4.e4 Bb4 5.Bd3 f5 6.Qh5+ g6 7.Qe2 Qf6 8.Nf3 fxe4
9.Bxe4 Bxe4 10.Qxe4 Nc6 11.O-O Qf5 12.Qxf5 gxf5 13.Nb5 O-O-O 14.d5 Na5 15.dxe6 dxe6
16.b3 h6 17.Bb2 Rh7 18.Nxa7+ Kb7 19.Nb5 Nc6 20.Rfd1 Rhd7 21.Rxd7 Rxd7 22.Nbd4 Nxd4
23.Nxd4 Nf6 24.Nxe6 Ng4 25.Nd4 Bc5 26.h3 Ne5 27.Nxf5 Nd3 28.Rd1 Bxf2+ 29.Kf1 h5
30.Bd4 Bxd4 31.Rxd3 Rf7 32.Rxd4 Rxf5+ 33.Ke2 b5 34.Rd5 Rxd5 35.cxd5 h4 36.g4  1-0

[Event "EST-ch"]
[Site "?"]
[Date "1996.??.??"]
[Round "7"]
[White "Olde, Hendrik"]
[Black "Kulaots, Kaido"]
[Result "1-0"]
[WhiteElo "2275"]
[BlackElo "2400"]

1.c4 b6 2.Nc3 Bb7 3.d3 e6 4.e4 d5 5.cxd5 exd5 6.Nxd5 Bxd5 7.exd5 Nf6 8.Be2 Bb4+
9.Kf1 Nxd5 10.Bf3 c6 11.Qb3 Bc5 12.Ne2 O-O 13.d4 Be7 14.Nc3 Nf6 15.Be3 Bd6
16.g3 Qd7 17.Kg2 Rc8 18.Rac1 Qf5 19.Qc2 Qa5 20.Ne4 Nxe4 21.Bxe4 h6 22.Qe2 Qxa2
23.d5 Re8 24.Qf3 c5 25.Bxh6 gxh6 26.Qf5 Kf8 27.Rhe1 Qxb2 28.Bf3 Nd7 29.Qxd7 Qf6
30.Rxe8+ Rxe8 31.Qxa7 Rb8 32.Ra1 b5 33.Ra5 c4 34.Ra6 Qe7 35.Qd4 Qe5 36.Qh4 Kg7
37.Qg4+ Kf8 38.Qd7 Bc5 39.Rxh6 c3 40.Rh7 Qf6 41.Qc7 Kg8 42.Rxf7 Qd4 43.Rf4 Qxf2+
44.Kh3  1-0

[Event "Frydek-Mistek op"]
[Site "Frydek-Mistek"]
[Date "1996.??.??"]
[Round "9"]
[White "Ivanov, Oleg"]
[Black "Chernyshov, Konstantin"]
[Result "0-1"]
[WhiteElo "2430"]
[BlackElo "2470"]

1.c4 b6 2.d4 e6 3.Nc3 Bb7 4.e4 Bb4 5.d5 Qe7 6.Be3 f5 7.exf5 exd5 8.cxd5 Nf6
9.Nh3 Nxd5 10.Qh5+ Kd8 11.Kd2 Nxe3 12.fxe3 Nc6 13.Qg5 Rf8 14.Bd3 Rf6 15.Nf4 Ne5
16.Rhe1 Be4 17.Rad1 Nxd3 18.Nxd3 Bxd3  0-1

[Event "Geneve op"]
[Site "Geneve"]
[Date "1996.??.??"]
[Round "6"]
[White "Rotstein, Arkadij"]
[Black "Sulava, Nenad"]
[Result "1-0"]
[WhiteElo "2445"]
[BlackElo "2480"]

1.c4 b6 2.Nc3 Bb7 3.e4 e6 4.Nf3 Bb4 5.Bd3 Ne7 6.O-O O-O 7.Bc2 f5 8.Re1 Bxc3
9.dxc3 h6 10.exf5 Nxf5 11.Nd4 Qf6 12.Nxf5 exf5 13.Bf4 d6 14.c5 bxc5 15.Bb3+ Kh7
16.Qh5 Qg6 17.Qxg6+ Kxg6 18.Re7 Na6 19.Bxd6 Rae8 20.Rae1 Be4 21.Rxe8 Rxe8
22.Bf4  1-0

[Event "BL2-W9596"]
[Site "Germany"]
[Date "1996.??.??"]
[Round "?"]
[White "Kamp, Christoph"]
[Black "Schmitzer, Klaus"]
[Result "1/2-1/2"]
[WhiteElo "2265"]
[BlackElo "2355"]

1.c4 b6 2.d4 e6 3.d5 Nf6 4.g3 Bb7 5.Bg2 Na6 6.Nc3 Bb4 7.Bd2 O-O 8.a3 Bxc3
9.Bxc3 Nc5 10.Nh3 a5 11.Nf4 a4 12.O-O Re8 13.dxe6 dxe6 14.Qxd8 Rexd8 15.Bxb7 Nxb7
16.Rfd1 Ne4 17.Be5 Ned6 18.Rac1 Ra5 19.Nd3 f6 20.Bc3 Raa8 21.Bb4 c5 22.Be1 Rd7
23.Nf4 Kf7 24.Rd3 Rad8 25.Re3 Nf5 26.Rd3 Nd4 27.Kf1 g5 28.Ng2 Nd6 29.Ne3 N6f5
30.Rcd1 Ke7 31.Bc3 Rd6 32.Bxd4 Nxd4 33.f3 f5 34.Kf2 h6 35.Ng2 R8d7 36.h4 Rd8
37.hxg5 hxg5 38.Rh1 Nc6 39.Rh7+ Kf6 40.Rb7 Rxd3 41.exd3 Rxd3 42.Rxb6 Ne5
43.f4 Ng4+ 44.Kf1 Rf3+ 45.Kg1 Rxg3 46.fxg5+ Ke5 47.Kf1 f4 48.Ne1 Ne3+ 49.Ke2 Nxc4
50.Ra6 Nxb2 51.Nf3+ Kd5 52.Ra8 Ke4 53.Nd2+ Ke5 54.Nf3+ Ke4 55.Nd2+ Kf5 56.Rf8+ Kg6
57.Rf6+ Kg7 58.Rxe6 Rxa3 59.Re4 Nd3 60.Nb1 Rb3 61.Nd2 Ra3 62.Nb1 f3+ 63.Kxf3 Ra1
64.Nc3 a3 65.Ra4 Kg6 66.Ke4 Nb4 67.Ra5 Re1+ 68.Kf3 Re5 69.Rxa3 Kxg5 70.Ne4+ Kf5
71.Ra8 Rd5 72.Ra3 Ke5 73.Nxc5 Rxc5  1/2-1/2

[Event "Oberliga Ost C9596"]
[Site "Germany"]
[Date "1996.??.??"]
[Round "?"]
[White "Reschke, Thomas"]
[Black "Cicak, Slavko"]
[Result "0-1"]
[WhiteElo "2240"]
[BlackElo "2425"]

1.c4 b6 2.g3 Bb7 3.Nf3 Bxf3 4.exf3 c5 5.d4 cxd4 6.Qxd4 Nc6 7.Qd2 e6 8.Nc3 Qf6
9.Bg2 Bb4 10.O-O Bxc3 11.bxc3 Nge7 12.c5 bxc5 13.Ba3 c4 14.Bd6 O-O 15.f4 Rfd8
16.Bc7 d5 17.Bxd8 Rxd8 18.Rab1 Nc8 19.Qe3 Nb6 20.Rxb6 axb6 21.Qxb6 Rc8 22.f5 Qd8
23.Qa6 Nb8 24.Qb5 Qd7 25.a4 Qxb5 26.axb5 Nd7 27.f4 g6 28.g4 gxf5 29.gxf5 Nf6
30.Kf2 Rb8 31.Rb1 Kf8 32.Ke3 Ke7 33.Kd4 Kd6 34.Ra1 Rxb5 35.Ra6+ Ke7 36.fxe6 Rb2
37.exf7 Rd2+ 38.Kc5 Nd7+ 39.Kc6 Nb8+  0-1

[Event "Oberliga Ost C9596"]
[Site "Germany"]
[Date "1996.??.??"]
[Round "?"]
[White "Reschke, Thomas"]
[Black "Bandza, Algirdas"]
[Result "1/2-1/2"]
[WhiteElo "2240"]
[BlackElo "2380"]

1.c4 b6 2.g3 Bb7 3.Nf3 c5 4.Bg2 g6 5.O-O Bg7 6.Nc3 Nf6 7.e3 O-O 8.d4 Ne4
9.Nxe4 Bxe4 10.b3 Nc6 11.Bb2 Rc8 12.Qd2 d5 13.dxc5 Bxf3 14.Bxf3 dxc4 15.Qxd8 Rfxd8
16.Bxg7 Kxg7 17.Bxc6 Rxc6 18.cxb6 axb6 19.bxc4 Rxc4 20.Rfc1  1/2-1/2

[Event "Oberliga Ost C9596"]
[Site "Germany"]
[Date "1996.??.??"]
[Round "?"]
[White "Kribben, Johannes"]
[Black "Roosen, Holger"]
[Result "1/2-1/2"]
[WhiteElo "2250"]
[BlackElo "2125"]

1.c4 b6 2.d4 Bb7 3.Nc3 e6 4.Nf3 Nf6 5.g3 d5 6.Bg2 dxc4 7.Qa4+ c6 8.Qxc4 Be7
9.O-O O-O 10.Rd1 Nbd7 11.Ne5 Rc8 12.Qa4 Nxe5 13.dxe5 Nd5 14.Qxa7 Qc7 15.Nxd5 cxd5
16.Be3 Bc5 17.Bxc5 bxc5 18.Rdc1 Rb8 19.f4 Rfc8 20.Qa3 Qb6 21.Kh1 c4 22.Rc2 d4
23.Bxb7 Qxb7+ 24.Qf3 Qa6 25.Qe4 Rd8 26.a3 Qa4 27.Rac1 Qb5 28.Rxc4 Qxb2 29.Rd1 Qxa3
30.Rcxd4 Rxd4 31.Qxd4 h6 32.Qd3 Qa4 33.Qd4 Rb4 34.Qd8+ Kh7 35.Qd3+ Kg8 36.Qd8+ Kh7
37.Qd3+ Kg8 38.Rc1 Qa8+ 39.Qf3 Qd8 40.Ra1 Rb8  1/2-1/2

[Event "Gleisdorf ch"]
[Site "Gleisdorf"]
[Date "1996.??.??"]
[Round "1"]
[White "Engel, G."]
[Black "Payrits, Helmut"]
[Result "0-1"]
[WhiteElo "2020"]
[BlackElo "1755"]

1.c4 b6 2.Nc3 Bb7 3.e4 c5 4.g3 g6 5.Bg2 Bg7 6.Nge2 h5 7.h3 e5 8.O-O Nc6 9.d3 Nge7
10.f4 a6 11.fxe5 Bxe5 12.Bg5 Qc7 13.Nf4 f6 14.Nfd5 Qd6 15.Bxf6 Bxf6 16.Nxf6+ Kd8
17.Qe1 Qd4+ 18.Qf2 Ne5 19.Rad1 Kc7 20.Qxd4 cxd4 21.Ne2 N7c6 22.Nd5+ Kb8 23.Nxb6 Ra7
24.Rf6 Nb4 25.a3 Nbxd3 26.Nxd7+ Nxd7 27.Rxd3 Nxf6 28.Rxd4 Re8 29.Nc3 Ba8
30.Nd5 Bxd5 31.exd5 Rae7 32.Bf3 Re1+ 33.Kf2 Rb1 34.Rd2 Ne4+ 35.Bxe4 Rxe4
36.c5 Kc7 37.d6+ Kd8 38.Rc2 Rd1 39.Kf3 Re5 40.Kf4 Rdd5 41.b4 g5+ 42.Kf3 Rd3+
43.Kf2 Rxa3 44.c6 Rd3 45.d7 Kc7 46.Rc4 Rd6 47.Kf3 Rf5+ 48.Ke4 Rf8 49.Rc5 Rxc6
50.Rxg5 Rc4+ 51.Kd5 Rxb4 52.Ke6 Rb5 53.Rg7 Rd8 54.g4 Rb6+ 55.Kf5 hxg4 56.Rxg4 Rxd7
57.Ra4 Rd5+ 58.Ke4 Rh5 59.Rc4+  0-1

[Event "Goch op"]
[Site "Goch"]
[Date "1996.??.??"]
[Round "5"]
[White "Eitel, Philipp"]
[Black "Stillger, Bernhard"]
[Result "1/2-1/2"]
[WhiteElo "2330"]
[BlackElo "2045"]

1.c4 b6 2.Nc3 e6 3.d4 Bb7 4.Nf3 Bb4 5.Qc2 f5 6.a3 Bxc3+ 7.Qxc3 Nf6 8.g3 O-O
9.Bg2 d6 10.O-O Qe8 11.b4 Nbd7 12.Bb2 Qh5 13.Rad1 Ne4 14.Qd3 Ndf6 15.Nd2 Nxd2
16.Rxd2 Bxg2 17.Kxg2 d5 18.Rc2 dxc4 19.Rxc4 Nd5 20.e4 fxe4 21.Qxe4 Rf6 22.Rc6 Raf8
23.Bc1 Qf5 24.Qxf5 exf5 25.Rc2 Re6 26.Bf4 Nxf4+ 27.gxf4 Rf7 28.Rfc1 Ree7
29.b5 Kf8 30.Rc4 Ke8 31.Ra4 Kd8 32.Rxa7 Kc8  1/2-1/2

[Event "IRL-ch"]
[Site "Irland"]
[Date "1996.??.??"]
[Round "6"]
[White "O'Cinneide, Mel"]
[Black "Heidenfeld, Mark"]
[Result "1/2-1/2"]
[WhiteElo "2255"]
[BlackElo "2320"]

1.c4 b6 2.Nc3 Bb7 3.Nf3 Nf6 4.d4 e6 5.e3 Bb4 6.Bd3 Ne4 7.Qc2 f5 8.Bd2 Bxc3
9.Bxc3 O-O 10.Be2 d6 11.O-O Nd7 12.b4 a5 13.a3 Qe7 14.Bb2 Ng5 15.Nd2 axb4
16.axb4 Nh3+ 17.Kh1 Rxa1 18.Bxa1 Ra8 19.Qc3 Ng5 20.Bb2 Nf6  1/2-1/2

[Event "IND-ch"]
[Site "Kasaragod"]
[Date "1996.??.??"]
[Round "9"]
[White "Koshy, Varugeese"]
[Black "Shetty, Rahul"]
[Result "1/2-1/2"]
[WhiteElo "2410"]
[BlackElo "2390"]

1.c4 b6 2.Nc3 Bb7 3.e4 e6 4.Nf3 Bb4 5.Bd3 Nf6 6.Qe2 O-O 7.Bc2 d5 8.e5 Nfd7
9.d4 dxc4 10.Qxc4 Be7 11.Qd3 g6 12.Bh6 Re8 13.O-O-O Na6 14.a3 c5 15.d5 exd5
16.Nxd5 Nxe5 17.Nxe5 Bxd5 18.Nxg6 hxg6 19.Qxd5 Qxd5 20.Rxd5 Rad8 21.Rhd1 Nc7
22.Rd7 Rc8 23.Be3 Bf6 24.R1d2 Re7 25.Rxe7 Bxe7 26.Rd7 Kf8 27.Be4 Nb5 28.Bf4 Ke8
29.Rb7 Bd6 30.Bg5 Rc7 31.Rb8+ Kd7 32.Bd5 Be7 33.Bf4 Bd6 34.Bg5 Be7 35.Bf4 Bd6
36.Bh6 f6 37.h4 c4 38.a4 Nd4 39.Be3 Nf5 40.Rg8 Nxe3 41.fxe3 Bg3 42.h5 Bf2
43.hxg6 Bxe3+ 44.Kc2 Kd6 45.g7 Kc5 46.b3 cxb3+ 47.Kxb3 f5 48.Rd8 Rxg7 49.Bf3 Bg5
50.Rd5+ Kc6 51.Kc4 Kc7 52.Rxf5 Be7 53.Re5 Bd6 54.Rh5 Re7 55.Kd5 a6 56.Kd4 Bc5+
57.Kc4 Rd7 58.Bd5 Rg7 59.Be4 Rd7 60.Bd5  1/2-1/2

[Event "Anibal op 3rd"]
[Site "Linares"]
[Date "1996.??.??"]
[Round "?"]
[White "Hodgson, Julian M"]
[Black "Bischoff, Klaus"]
[Result "0-1"]
[WhiteElo "2615"]
[BlackElo "2520"]

1.c4 b6 2.d4 e6 3.e4 Bb7 4.Nc3 Bb4 5.f3 Ne7 6.Bd3 Nbc6 7.Ne2 Bxc3+ 8.bxc3 d6
9.O-O Qd7 10.f4 Na5 11.f5 exf5 12.exf5 O-O-O 13.d5 Ba6 14.c5 Bxd3 15.c6 Qe8
16.Qxd3 Nxd5 17.Qxd5 Qxe2 18.Qxf7 Rhf8 19.Qd5 Rde8 20.Bf4 Qe4 21.Qxe4 Rxe4
22.g4 Nxc6 23.Kg2 Rc4 24.Rf3 h5 25.h3 hxg4 26.hxg4 g6  0-1

[Event "London"]
[Site "London"]
[Date "1996.??.??"]
[Round "5"]
[White "Franklin, Michael J"]
[Black "Welling, Gerard"]
[Result "0-1"]
[WhiteElo "2280"]
[BlackElo "2395"]

1.c4 b6 2.Nc3 e6 3.Nf3 Bb7 4.e3 Nf6 5.Qc2 Be7 6.b3 c5 7.Bb2 Nc6 8.Rd1 O-O
9.Be2 Rc8 10.O-O d5 11.Qb1 d4 12.exd4 Nxd4 13.Nxd4 cxd4 14.Nb5 e5 15.Nxa7 Rc7
16.Nb5 Rd7 17.d3 Qa8 18.g3 Bg2 19.Rfe1 h5 20.a3 h4 21.Qc2 Nh7 22.Bc1 f5 23.f4 exf4
24.Bxf4 Ng5 25.Bxg5 Bxg5 26.Bh5 Bh3 27.Qf2 Be3 28.Rxe3 dxe3 29.Qe2 Bg4 30.Bxg4 fxg4
31.Qxe3 h3 32.Qe2 Re7  0-1

[Event "Monaco tt"]
[Site "Monte Carlo"]
[Date "1996.??.??"]
[Round "1"]
[White "D'Avriac, Bernard Angles"]
[Black "Lebel Arias, Julia"]
[Result "0-1"]
[WhiteElo "1640"]
[BlackElo "2090"]

1.c4 b6 2.Nc3 Bb7 3.d4 e6 4.Nf3 f5 5.g3 Bxf3 6.exf3 Bb4 7.Bg2 c6 8.O-O Nf6
9.a3 Bxc3 10.bxc3 Na6 11.Re1 O-O 12.Bg5 Nc7 13.f4 h6 14.Bxf6 Qxf6 15.a4 Rab8
16.Qd2 g5 17.Re2 g4 18.Rae1 h5 19.d5 cxd5 20.cxd5 Rbd8 21.d6 Na6 22.Re5 Nc5
23.Qd4 h4 24.Rb1 hxg3 25.fxg3 Rb8 26.a5 Kf7 27.axb6 axb6 28.Rb2 Rh8 29.Bh1 Qh6
30.Qc4 Kg6 31.Rbe2 Qf8 32.Rd2 Rh7 33.Ree2 Qc8 34.Rb2 Qh8 35.Re5 Rc8 36.Qe2 Qf6
37.c4 Rch8 38.h4 gxh3 39.Kh2 Qd8 40.g4 Qh4 41.gxf5+ exf5 42.Qe3 Ne6 43.Rxe6+ dxe6
44.Qxe6+ Qf6 45.Qxf6+ Kxf6 46.Rxb6 Rh4 47.Kg3 Rg4+ 48.Kf3 Rg1 49.d7+ Ke7
50.Rb5 Kxd7 51.Rxf5 Rxh1  0-1

[Event "NOR-ch"]
[Site "NOR"]
[Date "1996.??.??"]
[Round "8"]
[White "Egeli, Per Ove"]
[Black "Madsen, Dag"]
[Result "1/2-1/2"]
[WhiteElo "2315"]
[BlackElo "2325"]

1.c4 b6 2.Nf3 Bb7 3.g3 Bxf3 4.exf3 c5 5.d4 cxd4 6.Qxd4 Nc6 7.Qd2 g6 8.b3 Bg7
9.Bb2 Nf6 10.Bg2 O-O 11.f4 Qc7 12.O-O Rac8 13.Nc3 d6 14.Rfe1 Rfe8 15.f5 a6
16.Rac1 Ne5 17.fxg6 hxg6 18.Nd5 Nxd5 19.Bxd5 e6 20.Bg2 Nc6 21.h4 Bxb2 22.Qxb2 e5
23.h5 Nd4 24.hxg6 fxg6 25.Bd5+ Kg7 26.Kg2 Rh8 27.Rcd1 Rcf8 28.Rh1 Rxh1 29.Rxh1 Rh8
30.Rxh8 Kxh8 31.Qc1 Kg7 32.Qg5 Nf5 33.Be4 Qe7 34.Qg4 Qf7 35.Ba8 Qc7 36.Qe4 Nd4
37.Bd5 Nf5 38.Qg4  1/2-1/2

[Event "Oberwart op"]
[Site "Oberwart"]
[Date "1996.??.??"]
[Round "2"]
[White "Beim, Valery"]
[Black "Riedner, Martin"]
[Result "1-0"]
[WhiteElo "2570"]
[BlackElo "2180"]

1.c4 b6 2.Nc3 e6 3.Nf3 Bb7 4.g3 Bxf3 5.exf3 c6 6.d4 d5 7.cxd5 exd5 8.Bd3 Bd6
9.O-O Qf6 10.h4 h6 11.Bc2 Ne7 12.Qd3 g6 13.Kg2 a5 14.Be3 Nd7 15.Qd2 Qg7 16.a3 b5
17.a4 b4 18.Ne2 O-O-O 19.Rfe1 Kb7 20.Bf4 Bxf4 21.Nxf4 Rhe8 22.Re3 Nc8 23.Rc1 Nd6
24.b3 Qf6 25.Bb1 Kb6 26.Qc2 Nf5 27.Nxd5+ cxd5 28.Qc7+ Ka6 29.Bd3+  1-0

[Event "RUS-Cup3"]
[Site "Omsk"]
[Date "1996.??.??"]
[Round "5"]
[White "Kislova, Valentina"]
[Black "Minasian, Ara"]
[Result "0-1"]
[WhiteElo "2135"]
[BlackElo "2425"]

1.c4 b6 2.d4 Bb7 3.Nc3 e6 4.a3 f5 5.Nf3 Nf6 6.g3 Ne4 7.Nxe4 fxe4 8.Nh4 Be7
9.Ng2 O-O 10.Ne3 Qe8 11.Bg2 d5 12.O-O Nd7 13.Bh3 Rf6 14.cxd5 exd5 15.Qb3 c6
16.Bg2 Kh8 17.f4 exf3 18.exf3 Rf7 19.Rd1 Nf6 20.Nf1 Bd6 21.Bg5 h6 22.Be3 Re7
23.Bf2 Qg6 24.Rd2 c5 25.Rc1 c4 26.Qc2 Qxc2 27.Rcxc2 Rae8 28.Bh3 g6 29.Kg2 b5
30.Kg1 a5 31.Rc1 Bc6 32.Rdd1 b4 33.axb4 Bxb4 34.Ra1 Re2 35.Rdb1 a4 36.g4 a3
37.bxa3 Bc3 38.a4 Bxa1 39.Rxa1 c3 40.a5 c2 41.a6 Ra8 42.a7 Rxa7 43.Rxa7 c1=Q
44.Rc7  0-1

[Event "RUS-chT"]
[Site "Orel"]
[Date "1996.??.??"]
[Round "?"]
[White "Gabdrakhmanov, Rafail"]
[Black "Chekhov, Valery A"]
[Result "1-0"]
[WhiteElo "2405"]
[BlackElo "2505"]

1.c4 b6 2.d4 e6 3.Nc3 Bb7 4.a3 f5 5.Nf3 Nf6 6.g3 Be7 7.Bg2 O-O 8.O-O d6 9.d5 e5
10.Ng5 Bc8 11.e4 fxe4 12.b4 c6 13.dxc6 Nxc6 14.Ngxe4 Bd7 15.Nxf6+ gxf6 16.Bh6 Rc8
17.Bxf8 Bxf8 18.f4 Nd4 19.Bd5+ Kh8 20.Qd3 Bf5 21.Ne4 b5 22.Rac1 Qb6 23.Kg2 Bxe4+
24.Bxe4 bxc4 25.Rxc4 Rxc4 26.Qxc4 f5 27.fxe5 dxe5 28.Qf7  1-0

[Event "Komercni Banka op"]
[Site "Pardubice"]
[Date "1996.??.??"]
[Round "9"]
[White "Minasian, Ara"]
[Black "Chernyshov, Konstantin"]
[Result "1/2-1/2"]
[WhiteElo "2425"]
[BlackElo "2470"]

1.c4 b6 2.Nc3 Bb7 3.e4 e6 4.d4 Bb4 5.f3 f5 6.exf5 exf5 7.Nh3 Nf6 8.Bd3 Qe7+
9.Kf2 O-O 10.Bxf5 Nc6 11.Re1 Qd6 12.a3 Qxd4+ 13.Qxd4 Nxd4 14.axb4 Nxf5 15.Bf4 Nd4
16.Rad1 Nc2 17.Re2 Nxb4 18.Bxc7 Rfe8 19.Be5 Ba6 20.b3 Rad8 21.Bxf6 Rxe2+
22.Kxe2 gxf6 23.Rd6 Kf7 24.Ne4 Ke7 25.g4 Bb7 26.Nhf2 Rf8 27.Rd4 Nc6 28.Rd3 Ne5
29.Re3 Bc6 30.g5 fxg5 31.Nxg5 Kd6 32.Nfe4+ Bxe4 33.Nxe4+ Kc6 34.Nc3 Ng6 35.Re4 Rf5
36.Ke3 Rh5 37.f4 Rh3+ 38.Kd4 Nh4 39.Re2 a5 40.Rb2 Nf5+ 41.Ke5 Ne3 42.Nd5 a4
43.Ke4 Nd1 44.Rd2 Nc3+ 45.Nxc3 Rxc3 46.bxa4 Rxc4+ 47.Ke5 d5 48.Rxd5 Rxf4  1/2-1/2